000 00393nam a2200145Ia 4500
005 20250329100014.0
008 231217s9999 xx 000 0 und d
020 _a9788131416143
082 _a658.42 ANI;1 R
100 _aAnitha Arunsinha. Padma Srinivasan.
245 0 _aEntrepreneurship in India
260 _cNULL
_bIcfai
_aHyderabad
650 _aEntrepreneurship,India
942 _cAA
999 _c188648
_d188648